<?xml version="1.0" encoding="UTF-8"?>
<record
    xmlns:xsi="http://www.w3.org/2001/XMLSchema-instance"
    xsi:schemaLocation="http://www.loc.gov/MARC21/slim http://www.loc.gov/standards/marcxml/schema/MARC21slim.xsd"
    xmlns="http://www.loc.gov/MARC21/slim">

  <leader>02273nam a22003857i 4500</leader>
  <controlfield tag="001">B-12601</controlfield>
  <controlfield tag="003">CO-BoFNCP</controlfield>
  <controlfield tag="007">t|| </controlfield>
  <controlfield tag="008">090928s2008    my a   f     z      eng d</controlfield>
  <datafield tag="040" ind1=" " ind2=" ">
    <subfield code="a">CO-BoFNCP</subfield>
    <subfield code="b">spa</subfield>
    <subfield code="c">CO-BoFNCP</subfield>
    <subfield code="e">rda</subfield>
  </datafield>
  <datafield tag="041" ind1=" " ind2=" ">
    <subfield code="a">eng</subfield>
  </datafield>
  <datafield tag="043" ind1=" " ind2=" ">
    <subfield code="a">my</subfield>
  </datafield>
  <datafield tag="084" ind1=" " ind2=" ">
    <subfield code="a">A-</subfield>
  </datafield>
  <datafield tag="100" ind1="1" ind2=" ">
    <subfield code="a">Alam, K. M.,</subfield>
    <subfield code="e">autor.</subfield>
    <subfield code="4">aut</subfield>
    <subfield code="9">41372</subfield>
  </datafield>
  <datafield tag="245" ind1="0" ind2="0">
    <subfield code="a">Integrated use of organic manure and inorganic fertilisers on soil fertility and productivity of sugarcane.</subfield>
  </datafield>
  <datafield tag="264" ind1=" " ind2="4">
    <subfield code="c">&#xA9;2008</subfield>
  </datafield>
  <datafield tag="300" ind1=" " ind2=" ">
    <subfield code="a">p&#xE1;ginas 243-251 :</subfield>
    <subfield code="b">Tablas.</subfield>
  </datafield>
  <datafield tag="336" ind1=" " ind2=" ">
    <subfield code="a">texto</subfield>
    <subfield code="b">txt</subfield>
    <subfield code="2">rdacontent</subfield>
  </datafield>
  <datafield tag="337" ind1=" " ind2=" ">
    <subfield code="a">sin mediaci&#xF3;n</subfield>
    <subfield code="b">n</subfield>
    <subfield code="2">rdamedia</subfield>
  </datafield>
  <datafield tag="338" ind1=" " ind2=" ">
    <subfield code="a">volumen</subfield>
    <subfield code="b">nc</subfield>
    <subfield code="2">rdacarrier</subfield>
  </datafield>
  <datafield tag="504" ind1=" " ind2=" ">
    <subfield code="a">Incluye referencias bibliogr&#xE1;ficas.</subfield>
  </datafield>
  <datafield tag="520" ind1=" " ind2=" ">
    <subfield code="a">A field experiment was conducted at Chuadanga (High Ganges River Floodplain-AEZ 11), Gazipur (Madhupur Tract-AEZ 28) and Thakurgaon (Old Himalayan Piedmont Plain-AEZ 1) to develop an economically suitable combination of organic manure and inorganic fertiliser for sustaining sugarcane yield. At Chuadanga, the highest cane yield (129.47 t/ha) was recorded in T3 treatment that received farmyard manure at 10 tonnes per hectare and inorganic fertiliser based on integrated plant nutrition system (IPNS), which was 19 percent increase in yield over only inorganic fertiliser as per recommendation. But at Gazipur and Thakurgaon, the treatment T2 and T4 that received poultry litter and press mud at 10 tonnes per hectare with IPNS based inorganic fertilisers gave highest sugarcane yields of 109.16 and 59.22 tonnes per hectare, which was 21 percent and 2 percent yield increase over only inorganic fertiliser, respectively. The highest gross margins of Bangladesh Taka 1 54 611, Taka 66 446 and Taka 1 26 268 per hectare were obtained with T3, T4 and T2 at Chuadanga, Thakurgaon and Gazipur, respectively.</subfield>
  </datafield>
  <datafield tag="650" ind1=" " ind2="0">
    <subfield code="a">Ca&#xF1;a de az&#xFA;car.</subfield>
    <subfield code="9">4500</subfield>
  </datafield>
  <datafield tag="650" ind1=" " ind2="0">
    <subfield code="a">Fertilizantes inorg&#xE1;nicos</subfield>
    <subfield code="9">30275.</subfield>
  </datafield>
  <datafield tag="650" ind1=" " ind2="0">
    <subfield code="a">Suelo.</subfield>
    <subfield code="9">25722</subfield>
  </datafield>
  <datafield tag="700" ind1="1" ind2=" ">
    <subfield code="a">Bokhtiar, S. M. </subfield>
    <subfield code="9">41373.</subfield>
  </datafield>
  <datafield tag="700" ind1="1" ind2=" ">
    <subfield code="a">Haque, M. A. </subfield>
    <subfield code="9">41374.</subfield>
  </datafield>
  <datafield tag="700" ind1="1" ind2=" ">
    <subfield code="a">Islam, N.</subfield>
    <subfield code="9">41375.</subfield>
  </datafield>
  <datafield tag="700" ind1="1" ind2=" ">
    <subfield code="a">Mannan, M. A. </subfield>
    <subfield code="9">41376.</subfield>
  </datafield>
  <datafield tag="700" ind1="1" ind2=" ">
    <subfield code="a">Paul, G. C.</subfield>
    <subfield code="9">41377.</subfield>
  </datafield>
  <datafield tag="773" ind1="0" ind2=" ">
    <subfield code="a">The Planter (Malasia)</subfield>
    <subfield code="g">v. 84, no. 985 (2008), p.243-251</subfield>
    <subfield code="w">A-</subfield>
    <subfield code="x">0126-575x</subfield>
  </datafield>
  <datafield tag="942" ind1=" " ind2=" ">
    <subfield code="2">z</subfield>
    <subfield code="c">1</subfield>
  </datafield>
  <datafield tag="952" ind1=" " ind2=" ">
    <subfield code="0">0</subfield>
    <subfield code="1">0</subfield>
    <subfield code="2">z</subfield>
    <subfield code="4">0</subfield>
    <subfield code="7">0</subfield>
    <subfield code="a">2</subfield>
    <subfield code="b">2</subfield>
    <subfield code="d">2013-10-21</subfield>
    <subfield code="h">The Planter (Malasia). v. 84, no. 985 (2008), p.243-251. ST-A-, ISSN: 0126-575x</subfield>
    <subfield code="l">0</subfield>
    <subfield code="o">A-</subfield>
    <subfield code="p">R-12601</subfield>
    <subfield code="r">2013-10-21 00:00:00</subfield>
    <subfield code="t">Ej. 1</subfield>
    <subfield code="w">2013-10-21</subfield>
    <subfield code="y">1</subfield>
  </datafield>
  <datafield tag="999" ind1=" " ind2=" ">
    <subfield code="c">26573</subfield>
    <subfield code="d">26573</subfield>
  </datafield>
  <datafield tag="999" ind1=" " ind2=" ">
    <subfield code="z">1</subfield>
  </datafield>
</record>
